000 00716nam a2200289Ia 4500
005 20260324124910.0
008 008 260324s9999 xx 000 0 eng d
020 _a9781315615479
037 _aEBOOK
040 _aCRL
040 _beng
040 _cCRL
041 _2eng
041 _aeng
084 _qCRL
100 _aJean La Fontaine
_91175926
245 4 _aThe Devil's Children
245 0 _bFrom Spirit Possession to Witchcraft: New Allegations that Affect Children
260 _bTaylor and Francis
260 _c2009
365 _a
365 _b240
856 _uhttp://www.taylorfrancis.com/books/9781315615479
942 _cEBOOK
999 _c1770719
_d1770719